00570nam a2200157 a 4500008004100000020001500041041000800056100002000064245007300084250001100157260005300168300001100221500012900232653001600361653003500377110902s1984 ag d f |||| 001 0 spa d a9505051468 aspa1 aKalinov, Adolfo 3aEl laboratorio y su interpretación semiológica /cAdolfo Kalinov a2a ed. aBuenos Aires:bLópez Libreros editores;c1984. a260 p. aKalinov, A. (1984). El laboratorio y su interpretación semiológica. (2a ed.). Buenos Aires : López Libreros editores. aLaboratorio aInterpretación semiológica